| 000 | 00781nam a2200205Ia 4500 | ||
|---|---|---|---|
| 008 | 150610s9999 xx 000 0 und d | ||
| 020 | _a97804391366365 | ||
| 050 |
_aPR6068 _b.O93 H37 v.3 |
||
| 100 | _aRowling, J.K. | ||
| 245 |
_aHarry Potter and the prisoner of Azkaban / _cby J.K. Rowling ; illustrations by Mary GrandPre. |
||
| 260 |
_aNew York : _bScholastic, _c1999. |
||
| 300 |
_a435pages : _billustrations ; _c20 cm. |
||
| 440 |
_aHarry Potter ; bk. 3 _vv.3 |
||
| 504 | _aSequel: Harry Potter and the chamber of secrets. | ||
| 520 | _aJuvenile fiction. | ||
| 650 |
_aEngland _bJuvenile fiction. |
||
| 650 |
_aHogwarts school of witchcraft and wizardry (Imaginary place) _xJuvenile fiction. |
||
| 650 |
_aMagic _xJuvenile fiction |
||
| 650 |
_aSchools _bJuvenile fiction. |
||
| 999 |
_c287926 _d287926 |
||